000
00262 a2200121 4500
250
_a
2ème éd.
245
_a
Les Glandes endocrines
100
_a
Decourt, J.
260
_c
1972
300
_a
126 p.
999
_c
16699
_d
16699